Normal view
MARC view
Entry Personal Name
001 - CONTROL NUMBER
- control field: 236288
003 - CONTROL NUMBER IDENTIFIER
- control field: St Aloysius Coll
005 - DATE AND TIME OF LATEST TRANSACTION
- control field: 20250818183724.0
008 - FIXED-LENGTH DATA ELEMENTS
- fixed length control field: 250818|| aca||aabn | a|a d
040 ## - CATALOGING SOURCE
- Original cataloging agency: St Aloysius Coll
- Transcribing agency: St Aloysius Coll
100 ## - HEADING--PERSONAL NAME
- Personal name: Ghosh R N
670 ## - SOURCE DATA FOUND
- Source citation: Work cat.: (St Aloysius Coll)159866: David Ricardo 88986, Principles of political economy and taxation, 2010